Top 110 najpopularniejszych imion żeńskich w Polsce w 2024 roku - Statystyki

Ogólne statystyki
  • Ten quiz został rozwiązany 784 razy
  • Średni wynik to 60 z 110
Statystyki odpowiedzi
Ile używanych Miejsce Imię % Poprawnych
1,072,616 1 Anna
92%
307,602 17 Julia
84%
604,753 2 Katarzyna
83%
389,719 12 Aleksandra
82%
317,113 16 Natalia
80%
205,558 35 Wiktoria
80%
224,033 30 Zuzanna
79%
585,573 3 Maria
78%
159,830 45 Oliwia
77%
369,226 14 Zofia
77%
479,955 6 Barbara
76%
151,315 48 Weronika
76%
129,748 53 Lena
75%
179,730 41 Maja
75%
252,802 23 Alicja
74%
294,334 19 Karolina
74%
434,573 8 Magdalena
74%
476,100 7 Ewa
73%
222,618 31 Hanna
73%
169,445 42 Patrycja
73%
377,945 13 Monika
72%
547,485 5 Agnieszka
71%
404,003 10 Joanna
71%
577,214 4 Małgorzata
71%
224,066 29 Paulina
71%
124,228 55 Amelia
69%
289,773 20 Marta
68%
142,405 50 Martyna
65%
122,862 56 Dominika
64%
415,199 9 Elżbieta
64%
138,825 51 Klaudia
64%
228,174 28 Grażyna
62%
184,049 39 Agata
61%
87,225 65 Daria
61%
120,929 57 Kinga
61%
268,289 22 Dorota
60%
161,496 44 Emilia
60%
238,059 24 Halina
60%
77,645 69 Nikola
60%
184,392 38 Urszula
60%
280,043 21 Beata
59%
148,205 49 Ewelina
59%
232,538 26 Iwona
59%
216,718 33 Justyna
59%
296,760 18 Danuta
58%
159,409 46 Izabela
58%
111,270 60 Kamila
58%
187,830 37 Renata
57%
134,547 52 Gabriela
56%
163,805 43 Helena
56%
47,261 90 Iga
56%
53,066 82 Nadia
56%
327,952 15 Teresa
56%
182,453 40 Sylwia
55%
50,889 83 Kornelia
54%
73,662 71 Laura
54%
48,602 85 Łucja
54%
47,272 89 Pola
54%
403,874 11 Krystyna
53%
76,609 70 Milena
53%
69,163 74 Antonina
52%
54,362 81 Sandra
52%
56,621 77 Michalina
51%
198,786 36 Bożena
50%
61,187 76 Olga
50%
209,399 34 Irena
49%
231,844 27 Jadwiga
49%
236,965 25 Jolanta
49%
151,669 47 Aneta
48%
42,947 98 Jagoda
48%
114,004 59 Edyta
47%
217,197 32 Janina
47%
37,835 101 Czesława
46%
55,045 78 Ilona
45%
116,193 58 Marianna
45%
47,799 87 Nina
45%
110,249 61 Stanisława
45%
82,647 66 Lidia
44%
105,001 62 Wiesława
44%
28,383 110 Eliza
43%
45,648 95 Marcelina
43%
47,291 88 Liliana
42%
129,430 54 Marzena
42%
103,334 63 Alina
41%
64,906 75 Angelika
41%
32,047 107 Roksana
41%
32,130 106 Sara
41%
72,516 72 Wioletta
41%
93,097 64 Wanda
40%
34,309 105 Adrianna
39%
48,545 86 Marlena
39%
69,863 73 Mirosława
39%
39,027 100 Aniela
37%
54,726 79 Bogumiła
37%
47,064 91 Bogusława
37%
49,147 84 Genowefa
37%
79,828 68 Lucyna
37%
45,901 94 Anita
36%
31,786 108 Dagmara
36%
81,972 67 Mariola
36%
30,418 109 Malwina
35%
47,013 92 Sabina
35%
37,125 102 Karina
32%
36,584 103 Władysława
31%
43,069 97 Stefania
30%
54,512 80 Kazimiera
29%
46,236 93 Henryka
27%
43,734 96 Józefa
27%
34,362 104 Wioleta
26%
42,300 99 Regina
25%
Nie znaleziono quizów pasujących do podanych kryteriów
Rozkład punktacji
Procent ludzi z każdym wynikiem
Percentyl według liczby udzielonych odpowiedzi
Twoja historia wyników
Nie rozwiązałeś tego quizu